Представление документа в формате RUSMARC

ПолеНазваниеЗначение
  Тип записи a
  Библиографический уровень a
001 Контрольный номер RU/CBS_UL/BASE/578094863
005 Дата корректировки 20250124001022.2
100 Данные общей обработки __
a Данные общей обработки 20180426d2018 ||| 0rusy0189 ca
101 Язык документа 0_
a Язык текста rus
102 Страна публикации __
a Страна публикации RU
105 Кодированные данные (монография) __
a Кодированные данные (монография) y###||||000|y
200 Заглавие и сведения об ответственности 1_
a Заглавие Ирина Антонова: "Искусство определяется категорями добра и красоты"
b Общее обозначение материала Текст
e Сведения, относящиеся к заглавию [к 96-летию со дня рождения искусствоведа И. Антоновой]
f Первые сведения об ответственности М. Иванова
300 Общие примечания __
a Общие примечания Ограничения по возрасту - 16+
461 Уровень набора _0
1 2000
a Культура
463 Уровень физической единицы _0
1 001RU/CBS_UL/BASE/577976524
1 2000
a № 9 (23 марта)
v С. 2: фото.
1 210
d 2018
600 Персоналии _0
a Персоналии (Фамилия) Антонова
b Персоналии (Имя, инициалы) И.А.
606 Тематические рубрики 0_
a Основная рубрика Антонова, Ирина Александровна (1922)
610 Ключевые слова 0_
a Ключевые слова культура
a Ключевые слова музеи
a Ключевые слова искусство
a Ключевые слова российская культура
a Ключевые слова коллекции художественные
686 Индексы других классификаций __
a Классификационный индекс 71.41(2Рос)
2 Код системы ББК
700 Автор _1
a Фамилия Иванова
b Имя (инициалы) М.
801 Источник записи _0
a Страна RU
b Организация МБУК ЦБС г. Ульяновска
c Дата составления 20180426
g Правила каталогизации RCR
801 Источник записи _1
a Страна RU
b Организация МБУК ЦБС г. Ульяновска
c Дата составления 20180426
g Правила каталогизации RCR
901 Тип документа __
t Тип документа f
w Контрольный № источника RU/CBS_UL/BASE/577976524
910 Корректоры записи __
a Корректор записи Библиотека 8
938 Служебная информация __
a Имя БД period